000
00332nam a2200145Ia 4500
008
230718s9999 xx 000 0 und d
041
_a
Eng.
082
_a
346.051
_b
MAC-J
100
_a
Machay hain, V. J.
245
0
_a
Jurisprudence
260
_a
Pakistan
_b
Man2008 1awber
_c
2005
300
_a
741
650
_a
Law
999
_c
29117
_d
29117